Detalles MARC
| 000 -CABECERA |
| campo de control de longitud fija |
00799cam a2200205 a 4500 |
| 001 - NÚMERO DE CONTROL |
| campo de control |
000007158 |
| 005 - FECHA Y HORA DE LA ÚLTIMA TRANSACCIÓN |
| campo de control |
20200929154101.0 |
| 008 - DATOS DE LONGITUD FIJA--INFORMACIÓN GENERAL |
| campo de control de longitud fija |
831117s1971 sp a 001 0 spa |
| 040 ## - FUENTE DE LA CATALOGACIÓN |
| Centro catalogador/agencia de origen |
DO-SdBNP |
| Centro/agencia transcriptor |
CarP |
| Centro/agencia modificador |
DLC |
| 082 ## - NÚMERO DE LA CLASIFICACIÓN DECIMAL DEWEY |
| Número de clasificación |
738 |
| Número de documento/Ítem |
A791A |
| 100 1# - ENTRADA PRINCIPAL--NOMBRE DE PERSONA |
| Nombre de persona |
Aldana Fernández, S. |
| Forma completa/desarrollada del nombre |
(Salvador Aldana Fernández). |
| 9 (RLIN) |
19874 |
| 245 10 - MENCIÓN DE TÍTULO |
| Título |
Lloréns Artigas / |
| Mención de responsabilidad, etc. |
S. Aldana Fernández. |
| 260 ## - PUBLICACIÓN, DISTRIBUCIÓN, ETC. |
| Lugar de publicación, distribución, etc. |
Madrid : |
| Nombre del editor, distribuidor, etc. |
Dirección General de Bellas Artes : |
| -- |
Ministerio de Educación y Ciencia, |
| Fecha de publicación, distribución, etc. |
1971. |
| 300 ## - DESCRIPCIÓN FÍSICA |
| Extensión |
71 p. : |
| Otras características físicas |
il. ; |
| Dimensiones |
17 cm. |
| 490 1# - MENCIÓN DE SERIE |
| Mención de serie |
Artistas españoles contemporáneos |
| Designación de volumen o secuencia |
no. 3 |
| Mención de serie |
Ceramistas |
| 610 10 - PUNTO DE ACCESO ADICIONAL DE MATERIA--NOMBRE DE ENTIDAD CORPORATIVA |
| Nombre de entidad corporativa o nombre de jurisdicción como elemento de entrada |
LLORÉNS, ARTIGAS JOSÉ, |
| Fecha del congreso/reunión o de la firma de un tratado |
1892-1980. |
| 9 (RLIN) |
19875 |
| 650 #4 - PUNTO DE ACCESO ADICIONAL DE MATERIA--TÉRMINO DE MATERIA |
| Término de materia o nombre geográfico como elemento de entrada |
Cerámica española |
| 9 (RLIN) |
19871 |
| 830 #0 - PUNTO DE ACCESO ADICIONAL DE SERIE-TÍTULO UNIFORME |
| Título uniforme |
Artistas españoles contemporáneos ; |
| Designación de volumen o secuencia |
no 3. |
| Nombre de parte o sección de la obra |
Ceramistas |
| 9 (RLIN) |
19876 |
| 910 ## - DATOS DE OPCIÓN DEL USUARIO (OCLC) |
| Datos de opción del usuario |
Catalogación por copia / LC |